| 000 | 00366pam a2200157 a 4500 | ||
|---|---|---|---|
| 020 |
_a0723420580 _c |
||
| 041 | _aeng | ||
| 082 |
_a617.3 _bJON / OWN |
||
| 100 | _aJONES W.A.,OWEN R. | ||
| 245 |
_aA COLOUR ATLAS OF CLINICAL ORTHOPAEDICS _hTextual Documents |
||
| 250 | _a2. | ||
| 260 |
_bMOSBY _c1995 |
||
| 300 |
_a240: _cHB. |
||
| 930 | _a6714 | ||
| 999 |
_c801241 _d801241 |
||
| 650 | _aORTHO | ||